Límites: estudio sobre las fronteras en el mundo Grecorromano

সংরক্ষণ করুন:
গ্রন্থ-পঞ্জীর বিবরন
প্রধান লেখক: Sáez Geoffroy, Andrés (Author)
বিন্যাস: গ্রন্থ
ভাষা:স্প্যানিশ
প্রকাশিত: Temuco Universidad de La Frontera 2018
সংস্করন:1a. ed
মালা:Colección Ciencias Sociales. Serie Historia
বিষয়গুলি:
ট্যাগগুলো: ট্যাগ যুক্ত করুন
কোনো ট্যাগ নেই, প্রথমজন হিসাবে ট্যাগ করুন!

MARC

LEADER 00000cam a2200000 a 4500
001 UCC5992
003 CL-VaPUC
008 181116e20180000cl |||||||||||||||||spa|d
020 |a 9789562363433 
082 0 4 |a 306.09495  |b SAE  |2 21 
100 0 |a Sáez Geoffroy, Andrés  |e author  |9 600430 
245 1 0 |a Límites: estudio sobre las fronteras en el mundo Grecorromano 
250 |a 1a. ed 
300 |a 129 p 
942 |c BK 
945 |d 20181116 13:40:00  |a dcastane 
260 |a Temuco  |b Universidad de La Frontera  |c 2018 
650 0 |a Historia universal  |9 266877 
650 7 |a CIVILIZACION GRECO-ROMANA  |2 CL-VaPUC  |9 268177 
650 0 |a Civilizaciones antiguas  |9 265998 
650 0 |a Política y gobierno  |9 255151 
583 |a last modification  |c 20181116 13:40:00  |k Rodrigo Vera 
490 0 |a Colección Ciencias Sociales. Serie Historia 
999 |c 373075  |d 373073 
952 |0 0  |1 0  |3 erb  |4 0  |6 306_094950000000000_SAE_2018  |7 0  |8 A  |9 491006  |a BIBHIS  |b BIBHIS  |i 551407K  |o 306.09495 SAE 2018  |p 551407K  |r 2025-01-20  |w 2019-11-24  |y BK  |z Catalogado en:20181116  |k HIS